Jeux Olympiques 1964 - Pays participants - Statistiques

Statistiques générales
  • Ce quiz a été pris 17 fois
  • Le résultat moyen est 93 sur 114
Réponses sur la Carte
Les réponses sont colorées sur une échelle allant du rouge au vert en fonction du pourcentage des utilisateurs qui les ont devinées à leur premier essai. Vous pouvez retrouver ces pourcentages ci-dessous.
 
Statistiques - réponses
Nombre d'athlètes Pays % Correct
115 Canada
100%
346 Etats-Unis
100%
337 Allemagne
93%
102 Argentine
93%
61 Belgique
93%
61 Brésil
93%
27 Cuba
93%
60 Danemark
93%
51 Espagne
93%
138 France
93%
18 Grèce
93%
25 Irlande
93%
04 Islande
93%
168 Italie
93%
94 Mexique
93%
125 Pays-Bas
93%
31 Pérou
93%
20 Portugal
93%
204 Royaume-Uni
93%
66 Suisse
93%
317 URSS
93%
243 Australie
87%
01 Bolivie
87%
14 Chili
87%
89 Finlande
87%
182 Hongrie
87%
13 Irak
87%
62 Iran
87%
10 Israël
87%
328 Japon
87%
20 Maroc
87%
26 Norvège
87%
10 Panama
87%
140 Pologne
87%
73 République arabe unie
87%
138 Roumanie
87%
94 Suède
87%
09 Tunisie
87%
23 Turquie
87%
23 Uruguay
87%
75 Yougoslavie
87%
01 Algérie
80%
56 Autriche
80%
63 Bulgarie
80%
20 Colombie
80%
154 Corée du Sud
80%
02 Costa Rica
80%
53 Inde
80%
03 Madagascar
80%
21 Mongolie
80%
01 Niger
80%
18 Nigeria
80%
64 Nouvelle-Zélande
80%
41 Pakistan
80%
01 République Dominicaine
80%
02 République du Congo
80%
12 Sénégal
80%
104 Tchécoslovaquie
80%
54 Thaïlande
80%
16 Venezuela
80%
16 Vietnam
80%
08 Afghanistan
73%
11 Birmanie
73%
06 Ceylan
73%
12 Ethiopie
73%
21 Jamaïque
73%
37 Kenya
73%
01 Liberia
73%
01 Libye
73%
12 Luxembourg
73%
61 Malaisie
73%
02 Mali
73%
47 Philippines
73%
40 Taïwan
73%
02 Tchad
73%
11 Bahamas
67%
01 Guyana
67%
05 Liban
67%
06 Népal
67%
04 Tanzanie
67%
13 Cambodge
60%
01 Cameroun
60%
09 Côte d'Ivoire
53%
33 Ghana
53%
01 Monaco
53%
13 Ouganda
53%
02 Liechtenstein
47%
12 Rhodésie du Nord
47%
29 Rhodésie du Sud
40%
13 Trinité-et-Tobago
40%
Aucun quiz correspondant
Distribution des résultats
% des personnes avec chaque résultat
Percentile par nombre de réponses
Votre historique - résultats
Vous n’avez pas pris ce quiz